Romancero de la patria mártir (1936-1939) (Record no. 36461)

MARC details
000 -LEADER
campo de control de longitud fija 00578nam a2200157 i 4500
001 - NÚMERO DE CONTROL
campo de control 36461
003 - IDENTIFICADOR DE NÚMERO DE CONTROL
campo de control ES-MaACL
005 - FECHA Y HORA DE LA ÚLTIMA TRANSACCIÓN
campo de control 20230906155355.0
007 - CAMPO FIJO DE DESCRIPCIÓN FÍSICA--INFORMACIÓN GENERAL
campo de control de longitud fija t|
008 - DATOS DE LONGITUD FIJA--INFORMACIÓN GENERAL
campo de control de longitud fija 030218s1958 sp ||||1| spa d
100 1# - ENTRADA PRINCIPAL--NOMBRE DE PERSONA
Nombre de persona Bulbena Estrany, Evelio.
9 (RLIN) 32493
245 10 - MENCIÓN DEL TÍTULO
Título Romancero de la patria mártir (1936-1939)
Resto del título : poema heróico recitado en el Centro Cultural de los Ejércitos el día 29 de abril de 1956 /
Mención de responsabilidad, etc. Evelio Bulbena Estrany.
260 ## - PUBLICACIÓN, DISTRIBUCIÓN, ETC.
Lugar de publicación, distribución, etc. Barcelona :
Nombre del editor, distribuidor, etc. Blames,
Fecha de publicación, distribución, etc. [1958] (
Fabricante Condal)
300 ## - DESCRIPCIÓN FÍSICA
Extensión 85 p. :
Otras características físicas 1 gráf. pleg. ;
Dimensiones 21 cm.
852 ## - LOCALIZACIÓN
Ubicación ES-MaACL
Número de control de estantería 1543-F-16
Sublocalización o colección R.43089
Holdings
Estatus retirado Estado de pérdida Estado de daño No para préstamo Colección Biblioteca de origen Biblioteca actual Ubicación en estantería Fecha de adquisición Fuente de adquisición Total de préstamos Signatura topográfica completa Código de barras Visto por última vez Precio de reemplazo Tipo de ítem Koha
        Colección de folletos Biblioteca del Ateneo de Madrid Biblioteca del Ateneo de Madrid Depósito folletos 17/01/2008     1543-F-16 1038298 23/02/2023 23/02/2023 Folleto